| 000 | 00790nam a22001937a 4500 | ||
|---|---|---|---|
| 999 |
_c60168 _d60168 |
||
| 003 | Ge_BSU | ||
| 005 | 20230614160611.0 | ||
| 008 | 230614s2008 ge ||||| |||| 00| 0 geo d | ||
| 020 | _a99928175 | ||
| 041 | _ageo | ||
| 080 | _a94(479.223) დ-43 | ||
| 100 |
_aდიასამიზე, თამაზ _918712 |
||
| 245 |
_aკვიახიძეები / _cთამაზ დიასამიძე; რედაქტორი ბიჭიკო დიასამიძე. |
||
| 264 |
_aბათუმი : _bალიონი, _c2008. |
||
| 300 |
_a250 გვ. : _bილ.; _c21 სმ. |
||
| 653 | _aსოფელი კვიახიძეები | ||
| 700 |
_aდიასამიძე, ბიჭიკო _eრედაქტორი _918713 |
||
| 942 |
_2udc _cBK |
||